Peter Regli : ephemeral works : journeys, markers & displacements, 1981-2015 /

Bibliographic Details
Main Author: Regli, Peter, 1959-
Other Authors: Bader, Darren, 1978-
Format: Book
Language:English
Published: [New York?] : Kiito-san, LLC, [2015]
Subjects:

MARC

Tag First Indicator Second Indicator Subfields
LEADER 00000cam a2200000Ii 4500
001 in00003615213
005 20170928112810.0
008 150901t20152015nyua c 000 0 eng d
020 |a 9780984721092  |q hardback 
020 |a 0984721096  |q hardback 
035 |a (OCoLC)ocn919501608 
040 |a MZA  |e rda  |c MZA  |d BDX  |d BWK  |d YDX  |d UtOrBLW 
049 |a TXAM 
050 4 |a TR655  |b .R45 2015 
100 1 |a Regli, Peter,  |d 1959-  |0 http://id.loc.gov/authorities/names/no2016050253 
245 1 0 |a Peter Regli :  |b ephemeral works : journeys, markers & displacements, 1981-2015 /  |c foreword by Darren Bader. 
264 1 |a [New York?] :  |b Kiito-san, LLC,  |c [2015] 
264 4 |c ©2015 
300 |a 268 pages :  |b illustrations ;  |c 31 cm. 
336 |a text  |b txt  |2 rdacontent 
337 |a unmediated  |b n  |2 rdamedia 
338 |a volume  |b nc  |2 rdacarrier 
600 1 0 |a Regli, Peter,  |d 1959-  |v Catalogs. 
650 0 |a Photography, Artistic  |y 20th century  |v Catalogs. 
650 0 |a Photography, Artistic  |y 21st century  |v Catalogs. 
700 1 |a Bader, Darren,  |d 1978-  |0 http://id.loc.gov/authorities/names/no2011177654 
945 |a PromptCat  |b 566604 
946 |a stk 
947 |a A14843381063 
948 |a cataloged  |b h  |c 2016/3/31  |d c  |e dmitchel  |f 10:44:16 am 
994 |a 92  |b TXA 
999 f f |s 2aef3b98-6690-3104-aa64-9c1185bf76ce  |i c5ae9d5c-72c9-3b90-b2b8-cb0daf2f7f6a  |t 0 
952 f f |p normal  |a Texas A&M University  |b College Station  |c Sterling C. Evans Library  |d Evans: Library Stacks  |t 0  |e TR655 .R45 2015  |h Library of Congress classification  |i unmediated -- volume  |m A14843381063 
998 f f |a TR655 .R45 2015  |t 0  |l Evans: Library Stacks